000 00276nam a2200109 4500
008 160702b xxu||||| |||| 00| 0 eng d
100 _91826
_a Austen, J
245 _aPride and Prejudice
260 _aNew Delhi
_bVikas
_c1985
300 _aPride and Prejudice
942 _2ddc
_cBK
999 _c1529
_d1529